La deducción de incobrables y su vincilación con el tratamiento contable (Registro nro. 15325)

Detalles MARC
000 -LEADER
fixed length control field 00383 a2200121 4500
001 - CONTROL NUMBER
control field ART_18543
005 - DATE AND TIME OF LATEST TRANSACTION
control field 20260410161703.0
008 - FIXED-LENGTH DATA ELEMENTS--GENERAL INFORMATION
fixed length control field 260409a
100 1# - MAIN ENTRY--PERSONAL NAME
Personal name Gebhardt, Jorge
245 10 - TITLE STATEMENT
Title La deducción de incobrables y su vincilación con el tratamiento contable
700 1# - ADDED ENTRY--PERSONAL NAME
Personal name Malvitano, Rubén H.
773 0# - HOST ITEM ENTRY
Title Revista Impuestos
Related parts - Nº 10 (oct. 2011)
Record control number REV639

No hay ítems disponibles.